Mechanizmy protinádorového působení interferonu

Bibliographic Details
Main Author: Adam, Zdeněk, 1953- (Author)
Format: Article
Language:Slovak
Czech
PhysicalDescription:Tab. 1, res. angl., čes., lit. 38 zázn. v angl.
ISSN:0042-773X
Subjects:

MARC

LEADER 00000nab a2200000 a 4500
001 vtls000509995
003 SK-MaSNL
005 20260304094851.0
008 250425c1994 xo 0 slo
015 |a SNBRB19rr/mm-uuuuu 
035 |a CL0510133 
035 |a urn:nbn:sk:snk-abam15 
035 |a (urnnbn)urn:nbn:sk:snk:ar-a0a19z 
035 |a (uuid)05dd3073-9861-4a8f-84f5-580ae95500f1 
040 |a SNKBUCL  |b slo  |c SNKBUCL  |e AACR2 
041 0 |a cze 
044 |a xo  |c SK 
080 |a 615.277:578.245.4  |2 1981 
080 |a 578.245.4  |2 1981 
080 |a 616-006  |2 1981 
100 1 |a Adam, Zdeněk,  |d 1953-  |4 aut  |9 75700 
245 1 0 |a Mechanizmy protinádorového působení interferonu  |c Zdeněk Adam 
300 |b Tab. 1, res. angl., čes., lit. 38 zázn. v angl. 
650 0 7 |a interferóny  |2 snkbucl  |9 20693 
655 7 |a články z novín a časopisov  |2 snkbucl  |9 267496 
773 0 |t Vnitřní lékařství  |g Roč. 40, č. 1 (1994), s. 56-58  |x 0042-773X 
850 |a Slovenská národná knižnica 
852 |a Slovenská národná knižnica 
954 |a odborná, vedecká literatúra cudzojazyčná (svetová)  |2 lita 
958 |a article14 
958 |a OND 
958 |a NB 
958 |a RK 
958 |a EUIPO 
992 |a RBX 
999 |c 2829377  |d 2831307